Прожекторное зондирование как метод исследования стратификации атмосферы (Запись № 8634399)

Подробности
000 -МАРКЕР
контрольное поле 01380nam0a22003131 4500
001 - ИДЕНТИФИКАТОР ЗАПИСИ
контрольное поле rc\4178186
005 - ИДЕНТИФИКАТОР ВЕРСИИ
контрольное поле 20260601080246.0
035 ## - ДРУГИЕ СИСТЕМНЫЕ НОМЕРА
Идентификатор записи (NLR Aleph) 008000151
100 ## - ДАННЫЕ ОБЩЕЙ ОБРАБОТКИ
Данные общей обработки 20130415d1946 |||y0rusy50 ca
101 0# - ЯЗЫК РЕСУРСА
Язык текста, звукозаписи и т.д. русский
102 ## - СТРАНА ПУБЛИКАЦИИ ИЛИ ПРОИЗВОДСТВА
Страна публикации Российская Федерация
105 ## - ПОЛЕ КОДИРОВАННЫХ ДАННЫХ: ТЕКСТОВЫЕ МАТЕРИАЛЫ, МОНОГРАФИЧЕСКИЕ
Кодированные данные о монографическом текстовом документе y z |||||
200 1# - ЗАГЛАВИЕ И СВЕДЕНИЯ ОБ ОТВЕТСТВЕННОСТИ
Основное заглавие Прожекторное зондирование как метод исследования стратификации атмосферы
Сведения, относящиеся к заглавию (Представлено акад. С.И. Вавиловым 10/V-1946)
210 ## - ПУБЛИКАЦИЯ, РАСПРОСТРАНЕНИЕ И ДР.
Место издания, распространения и т.д. Б. м.
Имя издателя, распространителя и т. д. Б. и.
Дата издания, распространения и т.д. 1946
215 ## - ФИЗИЧЕСКАЯ ХАРАКТЕРИСТИКА
Специфическое обозначение материала и объем 711-714 с.
Другие сведения о физической характеристике граф.
Размеры 26
225 1# - СЕРИЯ
Основное заглавие серии Геофизика
300 ## - ОБЩИЕ ПРИМЕЧАНИЯ
Текст примечания Без тит. л. Описано по 1-й с. текста
300 ## - ОБЩИЕ ПРИМЕЧАНИЯ
Текст примечания Отт. из: "Доклады Акад. наук СССР. Новая сер. 1946. Т. 53, № 8". С. 711-714, с граф.
300 ## - ОБЩИЕ ПРИМЕЧАНИЯ
Текст примечания На обл. только загл. журн. и указание отт.
320 ## - ПРИМЕЧАНИЯ О НАЛИЧИИ В ДОКУМЕНТЕ БИБЛИОГРАФИИ / УКАЗАТЕЛЯ
Текст примечания Библиогр.: Цитированная литература: с. 714
700 #1 - ИМЯ ЛИЦА - ПЕРВИЧНАЯ ОТВЕТСТВЕННОСТЬ
Начальный элемент ввода Смирнов
Часть имени, кроме начального элемента ввода И.П.
Даты 1906-
Расширение инициалов личного имени Иван Петрович
702 #1 - ИМЯ ЛИЦА - ВТОРИЧНАЯ ОТВЕТСТВЕННОСТЬ
Код отношения Прочие
Графика поля Кириллица
Материалы, к которым относится поле rus
Начальный элемент ввода Вавилов
Часть имени, кроме начального элемента ввода С. И.
Даты 1891-1951
Расширение инициалов личного имени Сергей Иванович
Системный номер авторитетной/нормативной записи 126035
Идентификатор авторитетной/нормативной записи RU\NLR\AUTH\7716395
801 #0 - ИСТОЧНИК ЗАПИСИ
Страна Российская Федерация
Организация NLR
Правила каталогизации psbo
801 #1 - ИСТОЧНИК ЗАПИСИ
Страна Российская Федерация
Организация ELAR
Источник данных rusmarc
852 ## - МЕСТОНАХОЖДЕНИЕ И ШИФР ХРАНЕНИЯ
Идентификатор организации NLR
Шифр хранения (Call Number) Гн10 Г-8/72
942 ## - ДОПОЛНИТЕЛЬНЫЕ ЭЛЕМЕНТЫ ЗАПИСИ (АБИС)
Тип экземпляра АБИС Книга
980 ## - КОЛЛЕКЦИЯ
Название коллекции Национальная библиография
Экземпляры
Тип экземпляра Дата поступления Библиотека постоянного хранения Библиотека текущего хранения Место хранения Шифр хранения Штрих-код Статус экземпляра
Книга 26.10.2013 РНБ (Садовая) РНБ (Садовая) Русский книжный фонд -Главное здание, Ленинский читальный зал Гн10 Г-8/72 8000151-10